| 000 | 00719cam a2200241 4500 | ||
|---|---|---|---|
| 008 | 090401t1990 xxu||||| |||| 00| 0 eng d | ||
| 020 | _a0117522872 | ||
| 035 | _a(Sirsi) u41470 | ||
| 041 | _aeng | ||
| 110 |
_aUnited Kingdom _bDepartment of the Environment _9982 |
||
| 245 | _aLocal Government and Housing Act 1989 : Area renewal, unfitness, slum clearance and enforcement action | ||
| 260 |
_aLondon _bHMSO _c1990 |
||
| 300 | _a120p. ; 25cm. | ||
| 350 | _a7.4 | ||
| 490 |
_aDoE Circular _v6/90 28 March 1990 |
||
| 650 | _aAREA RENEWAL | ||
| 650 | _aLOCAL GOVERNMENT AND HOUSING ACT 1989 | ||
| 650 | _aSLUM CLEARANCE | ||
| 690 | _aHOUSING | ||
| 690 | _aURBAN RENEWAL | ||
| 942 | _n0 | ||
| 948 | _c04/03/1997 | ||
| 999 |
_c90941 _d90941 |
||